000 00349cam a2200145ua 4500
041 _amal
_h
082 _a894.812308
_bPAL/VI
100 _aPallath, .
245 _aVilasakumari /
_cPallath.
_hTextual Documents
260 _aThrissur :
_bVilas Publishing House ,
_c1950.
300 _a158 ; .
504 _a
942 _cBK
999 _c4275
_d4275